| 000 | 00462nam a22001697a 4500 | ||
|---|---|---|---|
| 003 | BD-ChCU | ||
| 005 | 20251118090642.0 | ||
| 008 | 251118b bg ||||| |||| 00| 0 ben d | ||
| 040 | _cBD-ChCU | ||
| 082 | _a330.942 SOE | ||
| 100 |
_aSouthgate, George W. _916301 |
||
| 245 |
_aEnglish economic history.// _cGeorge W. Southgate. |
||
| 260 |
_aLondon. _bDent. _c1965 |
||
| 300 | _axvi, 462p | ||
| 650 | 0 |
_aEnglish - Economic History. _916303 |
|
| 942 |
_2ddc _cBK _n0 |
||
| 999 |
_c109524 _d109524 |
||